[Event "ETCC Open 2023"]
[Site "Budva"]
[Date "2023.11.18"]
[Round "7.75"]
[White "Valkama, Eero"]
[Black "Egilstoft, Rogvi"]
[Result "1-0"]
[WhiteElo "2310"]
[BlackElo "2254"]
[Annotator "RC"]
[PlyCount "97"]
[EventDate "2023.11.10"]
[EventType "team-tourn"]
[EventCountry "MNE"]
[SourceTitle "playchess.com"]
[Source "ChessBase"]
[SourceQuality "1"]
[WhiteTeam "Finland"]
[BlackTeam "Faroe Islands"]
[WhiteTeamCountry "FIN"]
[BlackTeamCountry "FAI"]

1. e4 e5 2. Nf3 Nc6 3. Bc4 Nf6 4. d3 Bc5 5. Nc3 h6 6. a3 a6 7. Be3 Bxe3 8. fxe3 d6 9. O-O Be6 10. Bxe6 fxe6 11. d4 O-O 12. Qe1 exd4 13. exd4 e5 14. dxe5 dxe5 15. Rd1 Qe7 16. b4 Nd4 17. Nxd4 exd4 18. e5 Ng4 19. Rxf8+ Rxf8 20. Rxd4 Qxe5 21. Qxe5 Nxe5 22. Nd5 c6 23. Nb6 Rf7 24. Re4 Ng6 25. Na4 Nf4 26. Nc5 g5 27. g3 Nd5 28. c4 Nf6 29. Rd4 Kg7 30. h3 Re7 31. Kf2 Kf7 32. Kf3 Re1 33. Nxb7 Ra1 34. Rd3 Rf1+ 35. Kg2 Rc1 36. Nd8+ Kg6 37. Nxc6 Ne4 38. c5 h5 39. g4 hxg4 40. hxg4 Rc2+ 41. Kf3 Nd2+ 42. Ke3 Nc4+ 43. Ke4 Re2+ 44. Kd4 Nd2 45. Re3 Rg2 46. Ne5+ Kf6 47. c6 Rh2 48. c7 Rh8 49. Nd7+ 1-0

[Event "ETCC Open 2023"]
[Site "Budva"]
[Date "2023.11.18"]
[Round "7.76"]
[White "Rodgaard, John"]
[Black "Wartiovaara, Oliver"]
[Result "1/2-1/2"]
[WhiteElo "2281"]
[BlackElo "2270"]
[Annotator "RC"]
[PlyCount "60"]
[EventDate "2023.11.10"]
[EventType "team-tourn"]
[EventCountry "MNE"]
[SourceTitle "playchess.com"]
[Source "ChessBase"]
[SourceQuality "1"]
[WhiteTeam "Faroe Islands"]
[BlackTeam "Finland"]
[WhiteTeamCountry "FAI"]
[BlackTeamCountry "FIN"]

1. Nf3 g6 2. c4 Bg7 3. e4 e5 4. Nc3 c5 5. d3 Ne7 6. g3 d6 7. Bg2 Nbc6 8. Nd5 O-O 9. O-O a6 10. Rb1 b5 11. b4 cxb4 12. cxb5 axb5 13. Nxb4 Nxb4 14. Rxb4 Rxa2 15. Rxb5 Qc7 16. Rb2 Rxb2 17. Bxb2 Ba6 18. Qd2 Rc8 19. Rc1 Qb7 20. Bf1 Rxc1 21. Qxc1 d5 22. Bxe5 dxe4 23. dxe4 Bxf1 24. Qxf1 Qxe4 25. Bxg7 Kxg7 26. Qe1 Qxf3 27. Qxe7 Qd1+ 28. Kg2 Qd5+ 29. Kg1 Qd1+ 30. Kg2 Qd5+ 1/2-1/2

[Event "ETCC Open 2023"]
[Site "Budva"]
[Date "2023.11.19"]
[Round "8.1"]
[White "Predke, Alexandr"]
[Black "Vitiugov, Nikita"]
[Result "1/2-1/2"]
[WhiteElo "2661"]
[BlackElo "2712"]
[Annotator "TA"]
[PlyCount "50"]
[EventDate "2023.11.10"]
[EventType "team-tourn"]
[EventCountry "MNE"]
[SourceTitle "playchess.com"]
[Source "ChessBase"]
[SourceQuality "1"]
[WhiteTeam "Serbia"]
[BlackTeam "England"]
[WhiteTeamCountry "SRB"]
[BlackTeamCountry "ENG"]

1. d4 Nf6 2. c4 e6 3. Nf3 d5 4. Nc3 Nbd7 5. cxd5 exd5 6. Bg5 h6 7. Bf4 c6 8. e3 Nh5 9. Be5 Nhf6 10. Bd3 Be7 11. O-O O-O 12. Rc1 Nxe5 13. dxe5 Nd7 14. Bb1 Re8 15. e4 Bf8 16. e6 Rxe6 17. exd5 Rd6 18. Qc2 Nf6 19. dxc6 Rxc6 20. Rfd1 Qa5 21. Re1 Re6 22. Red1 Rc6 23. Re1 Re6 24. Red1 Rc6 25. Re1 Re6 1/2-1/2

[Event "ETCC Open 2023"]
[Site "Budva"]
[Date "2023.11.19"]
[Round "8.2"]
[White "Howell, David W L"]
[Black "Sarana, Alexey"]
[Result "1/2-1/2"]
[WhiteElo "2676"]
[BlackElo "2669"]
[Annotator "TA"]
[PlyCount "157"]
[EventDate "2023.11.10"]
[EventType "team-tourn"]
[EventCountry "MNE"]
[SourceTitle "playchess.com"]
[Source "ChessBase"]
[SourceQuality "1"]
[WhiteTeam "England"]
[BlackTeam "Serbia"]
[WhiteTeamCountry "ENG"]
[BlackTeamCountry "SRB"]

1. e4 e5 2. Nf3 Nf6 3. Nxe5 d6 4. Nf3 Nxe4 5. d3 Nf6 6. d4 g6 7. Bd3 Bg7 8. O-O O-O 9. h3 c5 10. Nc3 Nc6 11. dxc5 dxc5 12. Ne4 Nb4 13. Nxc5 b6 14. Ne4 Nxd3 15. Qxd3 Qxd3 16. Nxf6+ Bxf6 17. cxd3 Ba6 18. Rd1 Rac8 19. Ne1 Rfe8 20. Kf1 Re5 21. Rb1 Ra5 22. a3 Rb5 23. b4 Rd5 24. a4 h5 25. Bb2 Bg5 26. b5 Bb7 27. Bc1 Be7 28. Be3 Ba3 29. Ra1 Bd6 30. Rdc1 Ra8 31. Rc4 Bc8 32. Ke2 Bf5 33. Rac1 a6 34. bxa6 Rxa6 35. Rb1 Bd7 36. Rxb6 Rxa4 37. Rxa4 Bxa4 38. Nf3 Bb5 39. Nd4 Bd7 40. Rb7 Be5 41. Nb3 Bf5 42. Nc5 Rd8 43. Ra7 Kg7 44. f3 Re8 45. Kd2 Rb8 46. Ra2 h4 47. Ne4 Rb1 48. f4 Bf6 49. Nc5 Rh1 50. Ke2 Rb1 51. Rc2 Kh6 52. Ne4 Kg7 53. Nxf6 Kxf6 54. Bd4+ Ke6 55. Bf2 Rb3 56. Rd2 Kd5 57. Bxh4 Bd7 58. Bf6 Ke6 59. Ba1 f5 60. Ke3 Kd5 61. Rc2 Bb5 62. Bc3 Rb1 63. Rf2 Rd1 64. Bd2 Rb1 65. Bc3 Rd1 66. Bd2 Rb1 67. Rf3 Rb3 68. Ke2 Rxd3 69. Rxd3+ Ke4 70. Kf2 Bxd3 71. Kg3 Kd5 72. Kh4 Ke6 73. Kg5 Kf7 74. g4 fxg4 75. hxg4 Be4 76. Bc3 Bd3 77. f5 gxf5 78. gxf5 Bxf5 79. Kxf5 1/2-1/2

[Event "ETCC Open 2023"]
[Site "Budva"]
[Date "2023.11.19"]
[Round "8.3"]
[White "Markus, Robert"]
[Black "Adams, Michael"]
[Result "1/2-1/2"]
[WhiteElo "2582"]
[BlackElo "2670"]
[Annotator "TA"]
[PlyCount "62"]
[EventDate "2023.11.10"]
[EventType "team-tourn"]
[EventCountry "MNE"]
[SourceTitle "playchess.com"]
[Source "ChessBase"]
[SourceQuality "1"]
[WhiteTeam "Serbia"]
[BlackTeam "England"]
[WhiteTeamCountry "SRB"]
[BlackTeamCountry "ENG"]

1. Nf3 d5 2. g3 Bg4 3. Bg2 c6 4. O-O e6 5. d3 Bc5 6. Nbd2 Ne7 7. b3 Nd7 8. Bb2 O-O 9. e4 a5 10. a3 Qc7 11. d4 Ba7 12. h3 Bh5 13. c4 Rad8 14. exd5 cxd5 15. Qc2 Bxf3 16. Nxf3 a4 17. Rfc1 axb3 18. Qxb3 Qb6 19. Nd2 Qxb3 20. Nxb3 Nb6 21. cxd5 Nbxd5 22. Nc5 b6 23. Nd3 Bb8 24. Ne5 Bd6 25. Nc4 h5 26. Nxd6 Rxd6 27. a4 Ra8 28. Ba3 Rd7 29. Bxe7 Rxe7 30. Bxd5 exd5 31. Rcb1 Ra6 1/2-1/2

[Event "ETCC Open 2023"]
[Site "Budva"]
[Date "2023.11.19"]
[Round "8.4"]
[White "Haria, Ravi"]
[Black "Ivic, Velimir"]
[Result "0-1"]
[WhiteElo "2508"]
[BlackElo "2557"]
[Annotator "RC"]
[PlyCount "66"]
[EventDate "2023.11.10"]
[EventType "team-tourn"]
[EventCountry "MNE"]
[SourceTitle "playchess.com"]
[Source "ChessBase"]
[SourceQuality "1"]
[WhiteTeam "England"]
[BlackTeam "Serbia"]
[WhiteTeamCountry "ENG"]
[BlackTeamCountry "SRB"]

1. e4 c5 2. c3 d5 3. exd5 Qxd5 4. d4 Nc6 5. Nf3 Nf6 6. dxc5 Qxd1+ 7. Kxd1 Bf5 8. Bb5 O-O-O+ 9. Ke2 e5 10. Be3 Nd5 11. Nbd2 f6 12. Nb3 a6 13. Bxc6 bxc6 14. h3 g5 15. Rad1 Be7 16. Rd2 Rhg8 17. Na5 Kc7 18. Nc4 Be6 19. Nd6 Bxd6 20. cxd6+ Rxd6 21. g4 h5 22. gxh5 Rh8 23. Kf1 Rxh5 24. Kg2 Rd7 25. c4 Nxe3+ 26. fxe3 Bxc4 27. Rxd7+ Kxd7 28. b3 Bd5 29. Kg3 Ke6 30. Rf1 f5 31. Nd2 Rh4 32. Nf3 Bxf3 33. Rxf3 Rxh3+ 0-1

[Event "ETCC Open 2023"]
[Site "Budva"]
[Date "2023.11.19"]
[Round "8.5"]
[White "Kadric, Denis"]
[Black "Kalezic, Blazo"]
[Result "1/2-1/2"]
[WhiteElo "2584"]
[BlackElo "2401"]
[Annotator "RC"]
[PlyCount "60"]
[EventDate "2023.11.10"]
[EventType "team-tourn"]
[EventCountry "MNE"]
[SourceTitle "playchess.com"]
[Source "ChessBase"]
[SourceQuality "1"]
[WhiteTeam "Montenegro"]
[BlackTeam "Montenegro"]
[WhiteTeamCountry "MNE"]
[BlackTeamCountry "MNE"]

1. e4 e6 2. d4 d5 3. Nd2 h6 4. Ngf3 Nf6 5. e5 Nfd7 6. Bd3 c5 7. c3 Nc6 8. a3 Qb6 9. O-O cxd4 10. cxd4 Nxd4 11. Nxd4 Qxd4 12. Nf3 Qb6 13. Qa4 a6 14. Bd2 Qc6 15. Qh4 Nc5 16. Rac1 Qd7 17. Bc2 Qd8 18. Qg4 Bd7 19. Nd4 h5 20. Qg3 Qb6 21. Qe3 Be7 22. b4 Na4 23. Rb1 Rc8 24. Bd3 h4 25. h3 O-O 26. Qf4 f5 27. exf6 Bxf6 28. Nf3 Bb5 29. Bxb5 axb5 30. Qg4 Rc4 1/2-1/2

[Event "ETCC Open 2023"]
[Site "Budva"]
[Date "2023.11.19"]
[Round "8.6"]
[White "Krivokapic, Marko"]
[Black "Djukic, Nikola"]
[Result "0-1"]
[WhiteElo "2386"]
[BlackElo "2518"]
[Annotator "RC"]
[PlyCount "56"]
[EventDate "2023.11.10"]
[EventType "team-tourn"]
[EventCountry "MNE"]
[SourceTitle "playchess.com"]
[Source "ChessBase"]
[SourceQuality "1"]
[WhiteTeam "Montenegro"]
[BlackTeam "Montenegro"]
[WhiteTeamCountry "MNE"]
[BlackTeamCountry "MNE"]

1. e4 c5 2. Nf3 Nc6 3. d4 cxd4 4. Nxd4 Nf6 5. Nc3 d6 6. Be2 g6 7. O-O Bg7 8. Be3 O-O 9. Nb3 a6 10. f4 b5 11. Bf3 Bb7 12. Qe1 e5 13. f5 b4 14. Nd5 Nxd5 15. exd5 Ne7 16. fxg6 hxg6 17. Qxb4 Bxd5 18. Rad1 a5 19. Qh4 Bxf3 20. Rxf3 Nf5 21. Qe4 a4 22. Nc5 Qc7 23. Nd3 d5 24. Qxd5 Rfd8 25. Qe4 Qxc2 26. Rd2 Qb1+ 27. Rf1 Qxa2 28. Bb6 Qd5 0-1

[Event "ETCC Open 2023"]
[Site "Budva"]
[Date "2023.11.19"]
[Round "8.7"]
[White "Petrov, Nikita"]
[Black "Draganic, Veljko"]
[Result "1-0"]
[WhiteElo "2567"]
[BlackElo "2294"]
[Annotator "RC"]
[PlyCount "63"]
[EventDate "2023.11.10"]
[EventType "team-tourn"]
[EventCountry "MNE"]
[SourceTitle "playchess.com"]
[Source "ChessBase"]
[SourceQuality "1"]
[WhiteTeam "Montenegro"]
[BlackTeam "Montenegro"]
[WhiteTeamCountry "MNE"]
[BlackTeamCountry "MNE"]

1. e4 c6 2. d4 d5 3. e5 c5 4. dxc5 e6 5. Bd3 Bxc5 6. Qg4 Ne7 7. b4 Bb6 8. Nf3 Nbc6 9. O-O Ng6 10. b5 Nce7 11. Ba3 Nf5 12. Nbd2 Bd7 13. Nb3 Rc8 14. g3 Qc7 15. Qh5 Qc3 16. Rab1 Rc4 17. Bb2 Qb4 18. Bxf5 exf5 19. e6 Bxe6 20. Bxg7 Rg8 21. Nbd4 Qc5 22. Nxe6 fxe6 23. Qxh7 Ne7 24. Ng5 Rxc2 25. Nxe6 Qa3 26. Rbe1 Rc4 27. Bd4 Rg4 28. Bxb6 axb6 29. Ng7+ Kd7 30. Nxf5 Rge4 31. Ne3 Rcd4 32. Nxd5 1-0

[Event "ETCC Open 2023"]
[Site "Budva"]
[Date "2023.11.19"]
[Round "8.8"]
[White "Miletic, Vuk"]
[Black "Blagojevic, Dragisa"]
[Result "0-1"]
[WhiteElo "2190"]
[BlackElo "2438"]
[Annotator "RC"]
[PlyCount "104"]
[EventDate "2023.11.10"]
[EventType "team-tourn"]
[EventCountry "MNE"]
[SourceTitle "playchess.com"]
[Source "ChessBase"]
[SourceQuality "1"]
[WhiteTeam "Montenegro"]
[BlackTeam "Montenegro"]
[WhiteTeamCountry "MNE"]
[BlackTeamCountry "MNE"]

1. d4 d5 2. Nf3 Nf6 3. Bf4 c5 4. e3 Nc6 5. Nbd2 Nh5 6. dxc5 Nxf4 7. exf4 g6 8. c3 Bg7 9. Nb3 O-O 10. Be2 a5 11. Nbd4 Nxd4 12. cxd4 b6 13. Rc1 bxc5 14. Rxc5 Qb6 15. Qd2 Bg4 16. Rb5 Qc7 17. Rxd5 Bxf3 18. Bxf3 Rad8 19. O-O Rxd5 20. Bxd5 Rd8 21. Rc1 Qb6 22. Bf3 Bxd4 23. b3 Bc5 24. Qe1 Bb4 25. Qe3 Qxe3 26. fxe3 Bd2 27. Rc4 Bxe3+ 28. Kf1 Rd2 29. Re4 Bc5 30. Re2 Rd3 31. Be4 Rd4 32. g3 h5 33. Kg2 Kg7 34. Bf3 Bd6 35. Re1 Rd3 36. Re2 Kf6 37. Re1 h4 38. Rf1 Bc5 39. Kh3 hxg3 40. hxg3 Rd2 41. a4 Rd3 42. Bd1 Kg7 43. Kg2 f5 44. Kh3 Kf6 45. Kg2 g5 46. fxg5+ Kxg5 47. Re1 Bb4 48. Rh1 Rd2+ 49. Kh3 e5 50. Bf3 e4 51. Bd1 e3 52. Bf3 Rf2 0-1

[Event "ETCC Open 2023"]
[Site "Budva"]
[Date "2023.11.19"]
[Round "8.9"]
[White "Carlsen, Magnus"]
[Black "Van Foreest, Jorden"]
[Result "1-0"]
[WhiteElo "2829"]
[BlackElo "2700"]
[Annotator "TA"]
[PlyCount "111"]
[EventDate "2023.11.10"]
[EventType "team-tourn"]
[EventCountry "MNE"]
[SourceTitle "playchess.com"]
[Source "ChessBase"]
[SourceQuality "1"]
[WhiteTeam "Norway"]
[BlackTeam "Netherlands"]
[WhiteTeamCountry "NOR"]
[BlackTeamCountry "NED"]

1. e4 e5 2. Nf3 Nc6 3. Bb5 Nf6 4. O-O Nxe4 5. Re1 Nd6 6. a4 Be7 7. Nc3 a6 8. Bf1 e4 9. Nxe4 Nxe4 10. Rxe4 d5 11. Re1 d4 12. Bd3 Be6 13. Be4 Bd5 14. d3 O-O 15. Bf4 Bb4 16. Re2 Rc8 17. Bd2 Be7 18. Qe1 Bxe4 19. Rxe4 f5 20. Re2 Bf6 21. b4 Qd5 22. h4 h6 23. Bf4 Kh7 24. Qd2 Rfe8 25. Rxe8 Rxe8 26. Bxc7 Be7 27. b5 axb5 28. axb5 Qxb5 29. Qf4 Bf6 30. h5 Kg8 31. Qd6 f4 32. Qd7 Qxh5 33. Bxf4 Qf7 34. Qxf7+ Kxf7 35. Rb1 Re7 36. Kf1 g5 37. Bh2 Rd7 38. g4 Kg6 39. Rb5 h5 40. gxh5+ Kxh5 41. Kg2 Kg6 42. Nd2 Na7 43. Rb2 Nc6 44. Nc4 g4 45. Rb5 Re7 46. Bd6 Rh7 47. Nd2 Na7 48. Rb1 Kf5 49. Ne4 Be5 50. Bxe5 Kxe5 51. Kg3 Rg7 52. Rb6 Rc7 53. Kxg4 Rf7 54. f3 Rf4+ 55. Kg3 Rf7 56. f4+ 1-0

[Event "ETCC Open 2023"]
[Site "Budva"]
[Date "2023.11.19"]
[Round "8.10"]
[White "Warmerdam, Max"]
[Black "Tari, Aryan"]
[Result "1/2-1/2"]
[WhiteElo "2638"]
[BlackElo "2620"]
[Annotator "TA"]
[PlyCount "157"]
[EventDate "2023.11.10"]
[EventType "team-tourn"]
[EventCountry "MNE"]
[SourceTitle "playchess.com"]
[Source "ChessBase"]
[SourceQuality "1"]
[WhiteTeam "Netherlands"]
[BlackTeam "Norway"]
[WhiteTeamCountry "NED"]
[BlackTeamCountry "NOR"]

1. c4 c5 2. Nf3 Nf6 3. g3 Nc6 4. Bg2 d5 5. cxd5 Nxd5 6. Nc3 Nxc3 7. bxc3 e5 8. d3 Be7 9. Nd2 O-O 10. Rb1 Qc7 11. c4 f5 12. Nf1 Bd6 13. Ne3 Ne7 14. Nd5 Nxd5 15. Bxd5+ Kh8 16. e4 Rb8 17. exf5 Bxf5 18. O-O Qd7 19. a4 b6 20. Bb2 Bc7 21. Re1 Rbe8 22. Re3 Be6 23. Bg2 Bh3 24. Bd5 Be6 25. Be4 Bf5 26. Bc3 a5 27. Bd5 Be6 28. Be4 Bf5 29. Bd5 Be6 30. Bh1 Bf5 31. Qc2 Qf7 32. Bd5 Be6 33. Bg2 Bf5 34. Bd5 Be6 35. Bc6 Bd7 36. Bxd7 Qxd7 37. Rbe1 h6 38. Bxe5 Rxe5 39. Rxe5 Bxe5 40. Rxe5 Qc6 41. h4 Rd8 42. Qb3 Qf6 43. Re4 Rf8 44. Qc2 Rd8 45. Re3 Qc6 46. Qb2 Qg6 47. Qe2 Qc6 48. Re7 Qxa4 49. Qe5 Qd1+ 50. Kg2 Qg4 51. f3 Qd4 52. Qe4 a4 53. Ra7 Qxd3 54. Qxd3 Rxd3 55. Rxa4 Kh7 56. h5 Rd4 57. Ra6 Rxc4 58. Rxb6 Rc2+ 59. Kh3 c4 60. Rc6 c3 61. Kg4 Rc1 62. f4 Rc2 63. Rc7 Rc1 64. Kf5 Rh1 65. g4 Rh3 66. Rc8 Rf3 67. Rc4 Rh3 68. Rc7 Rf3 69. Rc6 Rh3 70. g5 hxg5 71. Kg4 Rh4+ 72. Kxg5 Rh3 73. f5 Rg3+ 74. Kf4 Rh3 75. Kg4 Rd3 76. h6 gxh6 77. Rc7+ Kg8 78. Kf4 Rd5 79. Ke4 1/2-1/2

[Event "ETCC Open 2023"]
[Site "Budva"]
[Date "2023.11.19"]
[Round "8.11"]
[White "Amar, Elham"]
[Black "Bok, Benjamin"]
[Result "1/2-1/2"]
[WhiteElo "2584"]
[BlackElo "2621"]
[Annotator "TA"]
[PlyCount "60"]
[EventDate "2023.11.10"]
[EventType "team-tourn"]
[EventCountry "MNE"]
[SourceTitle "playchess.com"]
[Source "ChessBase"]
[SourceQuality "1"]
[WhiteTeam "Norway"]
[BlackTeam "Netherlands"]
[WhiteTeamCountry "NOR"]
[BlackTeamCountry "NED"]

1. e4 e5 2. Nf3 Nc6 3. Bc4 Bc5 4. c3 Nf6 5. d4 exd4 6. e5 d5 7. Bb5 Ne4 8. cxd4 Bb6 9. Nc3 O-O 10. Be3 Bg4 11. h3 Bh5 12. Qc2 Bg6 13. Qb3 Ne7 14. O-O c6 15. Bd3 Nf5 16. Qc2 Nxc3 17. bxc3 Nxe3 18. fxe3 Bxd3 19. Qxd3 f6 20. c4 fxe5 21. Nxe5 Qd6 22. Rxf8+ Rxf8 23. Rf1 Rxf1+ 24. Qxf1 Qe6 25. cxd5 cxd5 26. Qb5 a6 27. Qb3 Bc7 28. Qxb7 Bxe5 29. dxe5 Qxe5 30. Kf2 Qf5+ 1/2-1/2

[Event "ETCC Open 2023"]
[Site "Budva"]
[Date "2023.11.19"]
[Round "8.12"]
[White "Vrolijk, Liam"]
[Black "Kaasen, Tor Fredrik"]
[Result "1/2-1/2"]
[WhiteElo "2569"]
[BlackElo "2471"]
[Annotator "RC"]
[PlyCount "61"]
[EventDate "2023.11.10"]
[EventType "team-tourn"]
[EventCountry "MNE"]
[SourceTitle "playchess.com"]
[Source "ChessBase"]
[SourceQuality "1"]
[WhiteTeam "Netherlands"]
[BlackTeam "Norway"]
[WhiteTeamCountry "NED"]
[BlackTeamCountry "NOR"]

1. c4 e6 2. Nc3 d5 3. d4 Nf6 4. cxd5 exd5 5. Bg5 Be7 6. e3 h6 7. Bh4 Bg4 8. Qc2 O-O 9. h3 Be6 10. Bd3 c5 11. dxc5 Nc6 12. Nge2 d4 13. exd4 Nxd4 14. Qd2 Nxe2 15. Qxe2 Qd4 16. Bg3 Rad8 17. Rd1 Qxc5 18. O-O Rxd3 19. Qxd3 Bc4 20. Qd4 Qxd4 21. Rxd4 Bxf1 22. Kxf1 Rc8 23. Bd6 Bxd6 24. Rxd6 Kf8 25. Rd4 Ke7 26. Ke2 Rc6 27. Kd3 a6 28. Rc4 Rd6+ 29. Rd4 Rc6 30. Rc4 Rd6+ 31. Rd4 1/2-1/2

[Event "ETCC Open 2023"]
[Site "Budva"]
[Date "2023.11.19"]
[Round "8.14"]
[White "Moussard, Jules"]
[Black "Svane, Rasmus"]
[Result "0-1"]
[WhiteElo "2639"]
[BlackElo "2647"]
[Annotator "TA"]
[PlyCount "74"]
[EventDate "2023.11.10"]
[EventType "team-tourn"]
[EventCountry "MNE"]
[SourceTitle "playchess.com"]
[Source "ChessBase"]
[SourceQuality "1"]
[WhiteTeam "France"]
[BlackTeam "Germany"]
[WhiteTeamCountry "FRA"]
[BlackTeamCountry "GER"]

1. e4 e5 2. Nf3 Nc6 3. Bb5 Nf6 4. d3 Bc5 5. Bxc6 dxc6 6. h3 Qe7 7. Bg5 Qd6 8. O-O h6 9. Bd2 O-O 10. Bc3 Re8 11. Nbd2 b5 12. Nh4 Be6 13. Ndf3 Bd7 14. Re1 b4 15. Bd2 g5 16. Nf5 Bxf5 17. exf5 Rad8 18. Nh2 e4 19. Ng4 exd3 20. Nxh6+ Kg7 21. Rxe8 Rxe8 22. Bxg5 Bxf2+ 23. Kxf2 Ne4+ 24. Kg1 Qd4+ 25. Kh2 Qe5+ 26. Kg1 Qd4+ 27. Kh2 Qe5+ 28. Kg1 Nxg5 29. Ng4 Qd4+ 30. Kh2 Qd6+ 31. Kh1 d2 32. Qg1 Ne4 33. g3 Nxg3+ 34. Kg2 Qf4 35. f6+ Kg6 36. c3 Re2+ 37. Nf2 Kxf6 0-1

[Event "ETCC Open 2023"]
[Site "Budva"]
[Date "2023.11.19"]
[Round "8.15"]
[White "Bluebaum, Matthias"]
[Black "Fressinet, Laurent"]
[Result "1/2-1/2"]
[WhiteElo "2670"]
[BlackElo "2640"]
[Annotator "TA"]
[PlyCount "57"]
[EventDate "2023.11.10"]
[EventType "team-tourn"]
[EventCountry "MNE"]
[SourceTitle "playchess.com"]
[Source "ChessBase"]
[SourceQuality "1"]
[WhiteTeam "Germany"]
[BlackTeam "France"]
[WhiteTeamCountry "GER"]
[BlackTeamCountry "FRA"]

1. d4 d5 2. c4 e6 3. Nf3 Nf6 4. Nc3 Be7 5. Bf4 c5 6. dxc5 Bxc5 7. e3 Nc6 8. Qc2 Nb4 9. Qb3 O-O 10. Rd1 Qa5 11. a3 Nc6 12. Qc2 Be7 13. Be2 Ne4 14. cxd5 Nxc3 15. bxc3 exd5 16. O-O Be6 17. a4 Qc5 18. Rb1 b6 19. Bd3 h6 20. Nd4 Nxd4 21. exd4 Qc6 22. Bb5 Qc8 23. Rfe1 Bf6 24. Bd3 Qd8 25. Qb3 Bg5 26. Be5 Bf6 27. Bf4 Bg5 28. Be5 Bf6 29. Bf4 1/2-1/2

[Event "ETCC Open 2023"]
[Site "Budva"]
[Date "2023.11.19"]
[Round "8.16"]
[White "Lagarde, Maxime"]
[Black "Donchenko, Alexander"]
[Result "1/2-1/2"]
[WhiteElo "2629"]
[BlackElo "2664"]
[Annotator "TA"]
[PlyCount "86"]
[EventDate "2023.11.10"]
[EventType "team-tourn"]
[EventCountry "MNE"]
[SourceTitle "playchess.com"]
[Source "ChessBase"]
[SourceQuality "1"]
[WhiteTeam "France"]
[BlackTeam "Germany"]
[WhiteTeamCountry "FRA"]
[BlackTeamCountry "GER"]

1. e4 c6 2. d4 d5 3. e5 Bf5 4. Nf3 e6 5. Be2 c5 6. c3 Nc6 7. O-O a6 8. Be3 Qb6 9. Nh4 Be4 10. Nd2 Be7 11. f3 cxd4 12. cxd4 Bg6 13. Nxg6 hxg6 14. Qb3 Bd8 15. f4 Nge7 16. Nf3 Qxb3 17. axb3 Rc8 18. Bd2 Nf5 19. Bc3 f6 20. Bd3 Bb6 21. Ra4 Kd7 22. Kf2 Rcf8 23. Ke2 Nh4 24. exf6 gxf6 25. Nxh4 Rxh4 26. h3 f5 27. Be1 Rh5 28. Bf2 g5 29. Be3 gxf4 30. Rxf4 Rg8 31. Kf2 Bc7 32. Rf3 Rh4 33. Kf1 Rg7 34. Bf2 Rh8 35. b4 Na7 36. b5 Nxb5 37. Bxb5+ axb5 38. Rb4 Rhg8 39. Rxb5 b6 40. g3 Bxg3 41. Rxb6 Bxf2 42. Kxf2 Rg2+ 43. Ke3 Rh2 1/2-1/2

[Event "ETCC Open 2023"]
[Site "Budva"]
[Date "2023.11.19"]
[Round "8.17"]
[White "Martirosyan, Haik M."]
[Black "Theodorou, Nikolas"]
[Result "1-0"]
[WhiteElo "2708"]
[BlackElo "2619"]
[Annotator "TA"]
[PlyCount "91"]
[EventDate "2023.11.10"]
[EventType "team-tourn"]
[EventCountry "MNE"]
[SourceTitle "playchess.com"]
[Source "ChessBase"]
[SourceQuality "1"]
[WhiteTeam "Armenia"]
[BlackTeam "Greece"]
[WhiteTeamCountry "ARM"]
[BlackTeamCountry "GRE"]

1. d4 Nf6 2. c4 g6 3. Nc3 Bg7 4. e4 d6 5. Be2 O-O 6. Be3 c6 7. Nf3 e5 8. d5 Ng4 9. Bc1 f5 10. Bg5 Bf6 11. Bxf6 Nxf6 12. exf5 gxf5 13. Qd2 cxd5 14. Nxd5 Nc6 15. Rd1 Ne4 16. Qh6 Rf7 17. Bd3 Qf8 18. Qxf8+ Rxf8 19. Bxe4 fxe4 20. Ng5 Bf5 21. Ne3 Bg6 22. h4 Nd4 23. h5 h6 24. Ne6 Nxe6 25. hxg6 Nd4 26. Rxh6 b5 27. cxb5 Kg7 28. Rh4 Rac8 29. Rxe4 Nxb5 30. Rd5 a6 31. a4 Nd4 32. Rxd6 Rc1+ 33. Kd2 Nb3+ 34. Ke2 Nd4+ 35. Kd3 Rxf2 36. Rxe5 Nc6 37. Ree6 Nb4+ 38. Ke4 Rf8 39. Re7+ Kg8 40. g7 Rf7 41. Rxf7 Kxf7 42. Rd7+ Kg8 43. Nf5 Re1+ 44. Kf3 Kh7 45. Nh6 Rf1+ 46. Ke4 1-0

[Event "ETCC Open 2023"]
[Site "Budva"]
[Date "2023.11.19"]
[Round "8.18"]
[White "Mastrovasilis, Dimitrios"]
[Black "Sargissian, Gabriel"]
[Result "1/2-1/2"]
[WhiteElo "2573"]
[BlackElo "2686"]
[Annotator "TA"]
[PlyCount "169"]
[EventDate "2023.11.10"]
[EventType "team-tourn"]
[EventCountry "MNE"]
[SourceTitle "playchess.com"]
[Source "ChessBase"]
[SourceQuality "1"]
[WhiteTeam "Greece"]
[BlackTeam "Armenia"]
[WhiteTeamCountry "GRE"]
[BlackTeamCountry "ARM"]

1. e4 e5 2. Nf3 Nc6 3. Nc3 Nf6 4. d4 exd4 5. Nxd4 Bb4 6. Nxc6 bxc6 7. Bd3 d5 8. exd5 O-O 9. O-O cxd5 10. Bg5 c6 11. Qf3 Be6 12. h3 h6 13. Bh4 Bd6 14. Ne2 c5 15. Rad1 Rb8 16. b3 Re8 17. Bxf6 Qxf6 18. Qxf6 gxf6 19. Ng3 Bxg3 20. fxg3 Kg7 21. Rf4 Rb6 22. Ra4 Re7 23. Rf1 Rc7 24. Rff4 d4 25. Kf2 Bd5 26. Rf5 Be6 27. Rf4 Bd5 28. Ra5 Be6 29. a3 Rd6 30. Ra4 Rd5 31. g4 Re5 32. Ra6 Re3 33. Rf3 Re5 34. Rf4 Re3 35. Rf3 Re5 36. Rd6 Rc8 37. a4 Rc7 38. Rf4 Re3 39. Rf3 Re5 40. Ra6 c4 41. bxc4 Bxc4 42. Rd6 Rd5 43. Rxd5 Bxd5 44. Rf4 a5 45. Rxd4 Rc5 46. g3 Kf8 47. Rf4 Bc6 48. Ke3 Ke7 49. Kd2 Re5 50. Rd4 Rc5 51. Rf4 Re5 52. Rd4 Rc5 53. h4 Re5 54. Rc4 Kd6 55. Rf4 Ke7 56. Rd4 Rc5 57. Be4 Bd7 58. Bf3 Re5 59. c3 Rc5 60. Bd1 Bc6 61. Bb3 Re5 62. Rf4 Be4 63. Bc4 Bc6 64. Bb3 Be4 65. g5 hxg5 66. hxg5 fxg5 67. Rxf7+ Kd6 68. Rf6+ Kc7 69. Rf7+ Kd6 70. Rg7 Kc5 71. Bc2 Bc6 72. g4 Rd5+ 73. Ke3 Re5+ 74. Kd2 Rd5+ 75. Kc1 Re5 76. Kb2 Bf3 77. Bf5 Re2+ 78. Kb1 Rg2 79. Rxg5 Kc4 80. Rg8 Kxc3 81. Rc8+ Kb3 82. Rb8+ Kc3 83. Rc8+ Kb3 84. Rb8+ Kc3 85. Rc8+ 1/2-1/2